000 01087cac a2200349 i 4500
003 EG-GICUC
005 20260121101551.0
008 050706s2005 mnu frv 001 0 eng d
020 _a9780314151285
020 _a0314151281
040 _aVGL
_cVGL
_dOCL
_dDLC
_dEG-GICUC
_beng
_erda
043 _an-us---
050 0 0 _aKF9218
_b.L398 2005
082 0 0 _a343.1
_221
092 0 4 _221
099 _aLaw 10 2005
100 1 _aLee, Cynthia,
_d1961-
245 1 0 _aCriminal law :
_bcases and materials /
_cby Cynthia Lee and Angela Harris.
264 _aSt. Paul, Minn. :
_bThomson/West,
_c2005.
300 _axlv, 1234 page ;
_c27 cm.
336 _atext
_btxt
_2rdacontent
337 _aunmediated
_bn
_2rdamedia
338 _avolume
_bnc
_2rdacarrier
440 0 _aAmerican casebook series
500 _aAccompanied by: Teacher's manual. 2006.
504 _aIncludes index.
650 0 _aCriminal law
_zUnited States
_vCases.
700 1 _aHarris, Angela P.,
_d1961-
856 4 0 _uhttps://fll.law.cu.edu.eg/fulltext/bks/ENGB10-00122.pdf
905 _a10
942 _2ddc
_cBK
_e21
_n0
999 _c53272
_d53272